Polish traditional food. - Statistics

General Stats
  • This quiz has been taken 897 times
  • The average score is 11 of 18
Answer Stats
Hint Answer % Correct
Famous stuffed dumplings pierogi
97%
Polish sausage kielbasa
87%
Red beetroot soup barszcz
82%
Cabbage rolls with meat and rice golabki
75%
Traditional meat (especially chicken) broth rosol
69%
Cucumbers salad with cream mizeria
68%
Cabbage and meat stew bigos
65%
Sweet juice of boiled fruit kompot
64%
Sour rye soup zurek
63%
Blood sausage kaszanka
61%
Pork breaded cutlet schabowy
61%
Cabbage soup kapusniak
58%
Steak tartare tatar
53%
Deep-fried sweet pastries filled with confiture paczki
47%
Duck blood soup czarnina
43%
Tripe soup flaki
36%
Pearl barley soup krupnik
35%
Fruit-filled dumplings with potato dough knedle
25%
No matching quizzes found
Score Distribution
Percent of People with Each Score
Percentile by Number Answered
Your Score History
You have not taken this quiz